[Event "Asuncion IRT Sub 2200"]
[Site "Asuncion"]
[Date "2013.06.08"]
[Round "4.7"]
[White "Herrero, Juan Luis"]
[Black "Salinas, Victor"]
[Result "0-1"]
[WhiteElo "1535"]
[BlackElo "1649"]
[PlyCount "104"]
[EventDate "2013.06.07"]
[EventType "swiss"]
[EventRounds "7"]
[EventCountry "PAR"]
[SourceTitle "EXT 2023"]
[Source "ChessBase"]
[SourceDate "2022.10.05"]
[SourceVersion "1"]
[SourceVersionDate "2022.10.05"]
[SourceQuality "1"]

1. e4 c5 2. Nf3 e6 3. d4 cxd4 4. Nxd4 Qb6 5. Nc3 Bc5 6. Na4 Qa5+ 7. c3 Bxd4 8. Qxd4 e5 9. Qc4 Nc6 10. Nc5 a6 11. Be3 b5 12. Qd5 Nge7 13. Qd6 Qd8 14. Be2 0-0 15. Rd1 f5 16. Bg5 fxe4 17. Nxe4 h6 18. Bh4 Qe8 19. 0-0 Kh8 20. Bxe7 Qxe7 21. Qxe7 Nxe7 22. Nd6 Ra7 23. Bg4 Rc7 24. Nxc8 Nxc8 25. Rxd7 Rxd7 26. Bxd7 Nb6 27. Bc6 Rf6 28. Be8 Nc4 29. b3 Nd2 30. Rd1 Ne4 31. Rd8 Rf8 32. c4 bxc4 33. bxc4 Nf6 34. Ra8 Rxe8 35. Rxa6 Rc8 36. Ra4 Rc5 37. f3 e4 38. Kf2 exf3 39. gxf3 Nd7 40. Rb4 Ra5 41. a4 Kh7 42. Kg3 Kg6 43. f4 Kf6 44. Kg4 Ra6 45. h3 Nc5 46. a5 Kf7 47. Rb5 Nd7 48. c5 Rc6 49. h4 Nxc5 50. Rb6 Rc7 51. Kf5 Ra7 52. Rb5 Nb7 0-1

[Event "Asuncion IRT Faustino Paniagua"]
[Site "Asuncion"]
[Date "2011.07.15"]
[Round "5.3"]
[White "Herrero, Juan Luis"]
[Black "Landa, Claudio"]
[Result "1/2-1/2"]
[WhiteElo "1334"]
[BlackElo "1820"]
[PlyCount "78"]
[EventDate "2011.07.11"]
[EventType "swiss"]
[EventRounds "5"]
[EventCountry "PAR"]
[SourceTitle "EXT 2023"]
[Source "ChessBase"]
[SourceDate "2022.10.05"]
[SourceVersion "1"]
[SourceVersionDate "2022.10.05"]
[SourceQuality "1"]

1. e4 e6 2. d4 d5 3. Nc3 dxe4 4. Nxe4 Bd7 5. Nf3 Bc6 6. Nc3 Nd7 7. Be3 Ngf6 8. Bd3 Bb4 9. 0-0 0-0 10. Bg5 h6 11. Bh4 Bxf3 12. Qxf3 c6 13. Ne4 Be7 14. Nxf6+ Bxf6 15. Bxf6 Nxf6 16. c3 Rc8 17. Rad1 Qa5 18. a3 Qg5 19. Rfe1 Rfd8 20. Re5 Qg4 21. Qxg4 Nxg4 22. Re4 Nf6 23. Re5 Rd6 24. Bc2 Kf8 25. g3 Rcd8 26. Re3 c5 27. Red3 cxd4 28. Rxd4 Rxd4 29. Rxd4 Rxd4 30. cxd4 Ke7 31. f3 Kd6 32. Kf2 b6 33. Ke3 a5 34. a4 Nd5+ 35. Ke4 f5+ 36. Kd3 Nb4+ 37. Kc3 Nxc2 38. Kxc2 Kd5 39. Kd3 g5 1/2-1/2

[Event "Asuncion IRT Faustino Paniagua"]
[Site "Asuncion"]
[Date "2011.07.11"]
[Round "1.2"]
[White "Roman, Rodrigo"]
[Black "Herrero, Juan Luis"]
[Result "1-0"]
[WhiteElo "2016"]
[BlackElo "1334"]
[PlyCount "56"]
[EventDate "2011.07.11"]
[EventType "swiss"]
[EventRounds "5"]
[EventCountry "PAR"]
[SourceTitle "EXT 2023"]
[Source "ChessBase"]
[SourceDate "2022.10.05"]
[SourceVersion "1"]
[SourceVersionDate "2022.10.05"]
[SourceQuality "1"]

1. e4 c6 2. Ne2 d5 3. e5 Bd7 4. d4 e6 5. c3 Qb6 6. Qb3 Qxb3 7. axb3 c5 8. dxc5 Bxc5 9. b4 Bb6 10. Na3 Nc6 11. f4 a6 12. Nb5 Rb8 13. Nd6+ Ke7 14. b3 f6 15. b5 axb5 16. Nxb5 Bc5 17. b4 Nxb4 18. cxb4 Bxb4+ 19. Nec3 Rc8 20. Bd2 d4 21. Nd5+ exd5 22. Bxb4+ Kf7 23. Nxd4 fxe5 24. fxe5 Nh6 25. Bb5 Bxb5 26. Nxb5 Nf5 27. Nd6+ Nxd6 28. exd6 d4 1-0

[Event "Asuncion Preclasificatorio Mayor"]
[Site "Asuncion"]
[Date "2010.05.04"]
[Round "8"]
[White "Herrero, Juan Luis"]
[Black "Avalos, Leticia"]
[Result "0-1"]
[WhiteElo "1295"]
[BlackElo "1637"]
[PlyCount "48"]
[EventDate "2010.04.05"]
[EventType "swiss"]
[EventRounds "9"]
[EventCountry "PAR"]
[SourceTitle "EXT 2023"]
[Source "ChessBase"]
[SourceDate "2022.10.05"]
[SourceVersion "1"]
[SourceVersionDate "2022.10.05"]
[SourceQuality "1"]

1. e4 e6 2. Qe2 c5 3. g3 Nc6 4. Nf3 Qb6 5. Nc3 a6 6. Bg2 Nb4 7. d3 Ne7 8. Ne5 Ng6 9. Nc4 Qc7 10. 0-0 Nc6 11. f4 b5 12. f5 bxc4 13. fxg6 hxg6 14. dxc4 Bb7 15. Bf4 Bd6 16. Bxd6 Qxd6 17. e5 Qc7 18. Qf2 Nxe5 19. Bxb7 Qxb7 20. Qxc5 Nf3+ 21. Kf2 Rxh2+ 22. Ke3 Rc8 23. Qa5 Nd2 24. Rf4 Nxc4+ 0-1